Statistics for Countries that Don't Border- Africa Edition

Click here to take the quiz!

General Stats

  • This quiz has been taken 31 times
    (13 since last reset)
  • The average score is 8 of 10

Answer Stats

QuestionAnswer% Correct
ChadAlgeria
100%
NamibiaCongo
100%
Burkina FasoNigeria
100%
AlgeriaSenegal
100%
MalawiDemocratic Republic of Congo
86%
GuineaMauritania
86%
UgandaBurundi
71%
EthiopiaUganda
71%
Democratic Republic of CongoCameroon
57%
Central African RepublicGabon
43%

Score Distribution

Percentile by Number Answered

Percent of People with Each Score

Your Score History

You have not taken this quiz since the last reset